MARC

LEADER 00000nas a2200000 i 4500
001 ssj0001742101
003 WaSeSS
005 20200512172242.0
006 m d
007 cr n
008 150709c20149999gw fr pss 0 a0eng c
010 |a  2015242058 
016 7 |a 2764776 6  |2 DE-600 
022 |a 2196-078X  |l 2196-078X  |y 2196-0771 
035 |a (WaSeSS)ssj0001742101 
040 |a MYG  |b eng  |e pn  |c MYG  |d MYG  |d OCLCO  |d DLC  |d OCLCF  |d AU@  |d CNTRU  |d WaSeSS 
042 |a pcc 
043 |a az----- 
050 0 0 |a PK1501 
210 0 |a J. South Asian lang. linguist.  |b (Internet) 
222 0 |a Journal of South Asian languages and linguistics  |b (Internet) 
245 0 0 |a Journal of South Asian languages and linguistics  |h [electronic resource]. 
246 1 |a JSALL 
260 |a Berlin :  |b De Gruyter Mouton,  |c [2014]- 
310 |a Semiannual 
362 1 |a Began with volume 1, issue 1 (2014). 
506 |a License restrictions may limit access. 
588 |a Description based on: Volume 1, issue 1 (2014); title from PDF title page (De Gruyter Online, viewed July 27, 2015). 
588 |a Latest issue consulted: Volume 2, issue 1 (2015) (De Gruyter Online, viewed July 27, 2015). 
650 0 |a Indo-Aryan languages  |v Periodicals. 
650 0 |a Indo-Aryan languages, Modern  |v Periodicals. 
650 7 |a Indo-Aryan languages.  |2 fast  |0 (OCoLC)fst00970380 
650 7 |a Indo-Aryan languages, Modern.  |2 fast  |0 (OCoLC)fst00970394 
650 7 |a Language and languages.  |2 fast  |0 (OCoLC)fst00992154 
651 0 |a South Asia  |x Languages  |v Periodicals. 
651 7 |a South Asia.  |2 fast  |0 (OCoLC)fst01244520 
655 0 |a Electronic journals. 
776 0 8 |i Print version:  |t Journal of South Asian languages and linguistics  |x 2196-0771 
850 |a DLC 
856 4 0 |z Full text available from Research Library: 07/01/2015 to 6 months ago  |u https://search.proquest.com/publication/2034444